Diagnóstico de eficiencia energético en las instalaciones del hotel los balcones León, Nicaragua

El estudio presenta un diagnostico energético que se basa en medir la eficiencia y la calidad de suministro de la energía en el sector industrial turístico. Por medio de toma de datos, registro de consumo eléctrico y análisis de la calidad de la energía es posible hallar estrategias, para me...

Full description

Bibliographic Details
Main Authors: Torres Espinoza, Maycol Daniel, Matamoros Sirias, Brandon Javier
Other Authors: Tutor: Pérez escobar, Edmundo José
Format: Tesis Section = Libro
Language:Undetermined
Spanish
Published: Managua UNI 2018
Subjects:
LEADER 01194nam a2200265Ia 4500
008 240830s9999 xx 000 0 und d
040 |a BIBLIOTECA-RUPAP Mon 621.31 T693 
041 |a spa 
082 |a Mon 621.31 T693 
100 1 |a Torres Espinoza, Maycol Daniel 
100 1 |b  Matamoros Sirias, Brandon Javier 
245 1 0 |a Diagnóstico de eficiencia energético en las instalaciones del hotel los balcones León, Nicaragua 
260 |a Managua  |b UNI  |c 2018 
300 |a 119 p. :il. 
500 |a Contiene: anexos y CD. 
502 |a Tesis (Ingeniero Mecánico)- UNI, 2018. 
520 3 |a El estudio presenta un diagnostico energético que se basa en medir la eficiencia y la calidad de suministro de la energía en el sector industrial turístico. Por medio de toma de datos, registro de consumo eléctrico y análisis de la calidad de la energía es posible hallar estrategias, para mejorar los procesos sin reducir la calidad. 
650 7 |a EFICIENCIA ENERGETICA 
650 7 |b AUDITORIA ENERGETICA 
650 7 |c CONSUMO ENERGETICO 
650 7 |d INDICADORES ENERGETICOS 
700 1 |a Tutor:  |b Pérez escobar, Edmundo José 
942 |c BK  |2 ddc 
991 |a TESIS 
999 |c 15736